000 01501nam a2200373Ia 4500
001 vtls003197461
003 MY-SjTCS
005 20200306170052.0
006 m u
007 cr cn|||||||||
008 100712s2003 txua sb 001 0 eng d
020 _z0738499072
035 _a(CaPaEBR)ebr10112129
039 9 _y201007121714
_zVLOAD
040 _aCaPaEBR
_cCaPaEBR
050 1 4 _aQA76.76.O63
_bT88 2003eb
100 1 _aTuttle, Steven.
_9278310
245 1 0 _aAIX 5L version 5.2 security supplement
_h[electronic resource] /
_cSteven Tuttle, Gabriel Pizano, Chris Smith.
260 _aAustin, TX :
_bIBM Corp., International Technical Support Organization,
_cc2003.
300 _axi, 180 p. :
_bill.
490 1 _aRedbooks
500 _a"November 2003.'
504 _aIncludes bibliographical references and index.
529 _aTSLHHL
533 _aElectronic reproduction.
_bPalo Alto, Calif. :
_cebrary,
_d2009.
_nAvailable via World Wide Web.
_nAccess may be limited to ebrary affiliated libraries.
630 0 0 _aAIX (Computer file)
_942719
650 0 _aOperating systems (Computers)
_9443
655 7 _aElectronic books.
_2local
_9201578
700 1 _aPizano, Gabriel.
_9278311
700 1 _aSmith, Chris.
_9278312
710 2 _aebrary, Inc.
_925628
830 0 _aIBM redbooks.
_9278313
856 4 0 _uhttps://ezproxy.taylors.edu.my/login?url=http://site.ebrary.com/lib/taylorscollege/Doc?id=10112129
_zAn electronic book accessible through the World Wide Web; click to view
999 _c59986